<?xml version="1.0" encoding="UTF-8"?>
<marc:record xmlns:marc="http://www.loc.gov/MARC21/slim">
   <marc:leader>00000nam a2200000 a 4500</marc:leader>
   <marc:datafield ind1="1" ind2=" " tag="100">
      <marc:subfield code="a">Christiansen, Heide</marc:subfield>
      <marc:subfield code="4">aut</marc:subfield>
      <marc:subfield code="e">Verfasser/-in</marc:subfield>
   </marc:datafield>
   <marc:datafield ind1="0" ind2="0" tag="245">
      <marc:subfield code="a">British Christmas</marc:subfield>
   </marc:datafield>
   <marc:datafield ind1="0" ind2="0" tag="245">
      <marc:subfield code="b">Rezepte, Ideen und Geschichten</marc:subfield>
   </marc:datafield>
   <marc:datafield ind1="0" ind2="0" tag="245">
      <marc:subfield code="c">Heide Christiansen</marc:subfield>
   </marc:datafield>
   <marc:datafield ind1=" " ind2="1" tag="264">
      <marc:subfield code="a">München</marc:subfield>
      <marc:subfield code="b">Callwey</marc:subfield>
      <marc:subfield code="c">2024</marc:subfield>
   </marc:datafield>
   <marc:datafield ind1=" " ind2=" " tag="250">
      <marc:subfield code="a">1. Auflage</marc:subfield>
   </marc:datafield>
   <marc:datafield ind1="1" ind2=" " tag="520">
      <marc:subfield code="a">TAUCHEN SIE EIN IN DIE ZAUBERHAFTE WELT VON BRITISH CHRISTMAS &#x96; ein Fest der Farben, des Lichts und der Freude! Lassen Sie sich von den bunten Lichtern, u?ppig geschmu?ckten Weihnachtsbäumen und fröhlichen Melodien in der eisig kalten Dezemberluft verzaubern. Erleben Sie die malerischen Landschaften und gemu?tlichen Cottages Englands, wo Herbstfarben auf Winterzauber treffen. Von traditionellen Harvest Festivals bis zu den funkelnden Lichtern Londons erlebt man in diesem Callwey Buch die Vielfalt britischer Traditionen. Entdecken Sie köstliche Rezepte, die in der prächtigen Halle von Highclere Castle oder in den königlichen Gemächern von Sandringham House serviert werden. Von festlichen Gänsebraten bis zu verlockenden Weihnachtspuddings &#x96; genießen Sie die kulinarische Vielfalt der britischen Weihnachtszeit.</marc:subfield>
   </marc:datafield>
   <marc:datafield ind1=" " ind2=" " tag="020">
      <marc:subfield code="a">9783766727442</marc:subfield>
      <marc:subfield code="9">9783766727442</marc:subfield>
   </marc:datafield>
   <marc:datafield ind1=" " ind2=" " tag="020">
      <marc:subfield code="a">3766727443</marc:subfield>
      <marc:subfield code="9">3766727443</marc:subfield>
   </marc:datafield>
   <marc:datafield ind1="3" ind2=" " tag="024">
      <marc:subfield code="a">9783766727442</marc:subfield>
   </marc:datafield>
   <marc:datafield ind1=" " ind2=" " tag="041">
      <marc:subfield code="a">ger</marc:subfield>
   </marc:datafield>
   <marc:datafield ind1=" " ind2=" " tag="300">
      <marc:subfield code="a">153 Seiten, Illustrationen</marc:subfield>
   </marc:datafield>
</marc:record>
